01005nam a22002175i 4500001000700000003000900007005001700016008004100033040003000074100003700104245013300141260008200274300002100356505004700377700004700424710005700471752002400528852008500552999001900637952013100656161243ES-MaACL20231226140146.0991201s1859 sp |||| | spa d aCCPB | B bspa cCCPB | B1 aPagniucci Zumel, José.913077210aDiscursos leídos ante la Real Academia de Bellas Artes de San Fernando en la recepción pública de D. Jose Pagniucci Zumel. aMadrid : b[s.n.], c1859 (fImprenta del Colegio de sordo-mudos y de ciegos) a40 p. ; c24 cm.8 aContestacion por ... Antonio Gil de Zarate11aGil y Zárate, Antonio,d1793-18619568042 aReal Academia de Bellas Artes de San Fernando.96291 aEspaña - dMadrid aES-MaACLjF-M-III-N (I) z-- Enc. pasta española z-- Enc. en un vol. facticio c161243d161243 001040708LIBXIXaATENEOMbATENEOMcADMd2008-01-17eSSCl0oF-M-III-N (I)p1168891r2023-02-23 00:00:00w2023-02-23yMONANT